Política nacional del océano y los espacios costeros PNOEC / (Registro nro. 6837)

Detalles MARC
000 -CABECERA
Campo de control 00772nam a2200229 a 4500
005 - FECHA Y HORA DE LA ULTIMA TRANSACCION
Campo de control 20160114020928.0
008 - ELEMENTOS DE LONGITUD FIJA—INFORMACION GENERAL
Campo de control 160114b2007 ck ||||gr||||f00| 0 spa d
020 ## - ISBN
ISBN 9789589810453
040 ## - FUENTE DE CATALOGACIÓN
Agencia catalogadora original CO-BoIAVH
Agencia transcriptora CO-BoIAVH
041 0# - IDIOMA
Código de idioma para texto/pista de sonido o título separado Español
044 ## - PAÍS DE PUBLICACIÓN
País de publicación Colombia
082 04 - NUMERO DE CLASIFICACION DECIMAL DEWEY
Número de clasificación 333.91
Número del ítem P77n
245 10 - MENCION DE TITULO
Título Política nacional del océano y los espacios costeros PNOEC /
260 ## - PUBLICACION, DISTRIBUCION, ETC. (PIE DE IMPRENTA)
Lugar de publicación, distribución, etc. Santa Marta :
Nombre del editor, distribuidor, etc. CCO,
Fecha de publicación, distribución, etc. 2007.
300 ## - DESCRIPCION FISICA
Extensión 56 páginas ;
Dimensiones 23 x 16 cm.
490 0# - MENCION DE SERIE
Mención de serie Serie de documentos generales INVEMAR ;
Designación numérica/secuencial del volumen 19
650 #6 - ASIENTO SECUNDARIO DE MATERIA - TERMINO TEMATICO
Término temático o nombre geográfico como elemento de entrada Política ambiental
Subdivisión geográfica Colombia
9 (RLIN) 50609
650 #6 - ASIENTO SECUNDARIO DE MATERIA - TERMINO TEMATICO
Término temático o nombre geográfico como elemento de entrada Zonas marinas
Subdivisión general Política ambiental
Subdivisión geográfica Colombia
9 (RLIN) 50610
650 #4 - ASIENTO SECUNDARIO DE MATERIA - TERMINO TEMATICO
Término temático o nombre geográfico como elemento de entrada Espacios costeros
Subdivisión general Política ambiental
Subdivisión geográfica Colombia
9 (RLIN) 50611
710 2# - ASIENTO SECUNDARIO - NOMBRE CORPORATIVO
Nombre corporativo o de jurisdicción como elemento de entrada Comisión Colombiana del Océano
9 (RLIN) 50612
942 ## - ELEMENTOS ADICIONALES (KOHA)
Tipo de ítem Libro
Sistema de clasificación Dewey Decimal Classification
Existencias
Withdrawn status Lost status Sistema de Clasificación Damaged status No para préstamo Colección Inventariado Ubicación Permanente Ubicación actual Fecha de adquisición Fuente de Valor Valor Total Checkouts Número topográfico Inventario / Código de Barras Date last seen Ejemplar Price effective from Forma de adquisición Tipo de material
    Dewey Decimal Classification     General Inventariado 2017 Bogotá Bogotá 28/05/2009 Instituto 39000.00   LB-333.91 P77n 027026 04/12/2012 Ej.1 04/12/2012   Libro